| 000 | 00595nam a2200229Ia 4500 | ||
|---|---|---|---|
| 003 | OSt | ||
| 005 | 20220918184100.0 | ||
| 006 | a|||||r|||| 00| 0 | ||
| 007 | ta | ||
| 008 | 220917b |||||||| |||| 00| 0 eng d | ||
| 024 | _a44,374 | ||
| 037 | _cTextual | ||
| 040 |
_aARTS _cARTS _beng |
||
| 041 |
_2eng _aeng |
||
| 082 | _aO164:3x, 111F2 | ||
| 100 | _aNicholson Reynold A | ||
| 245 | 0 | _aTranslations of Eastern poetry and prose | |
| 260 | _c1922 | ||
| 650 | _aENGLISH LITERATURE | ||
| 942 |
_hO164:3x, 111F2 _cTEXL _2CC |
||
| 999 |
_c175059 _d175059 |
||